[Event "16. Obert Int. Sant Martí 2014 Grupo B"]
[Site "Barcelona ESP"]
[Date "2014.07.13"]
[Round "1.26"]
[White "Martin Sanchez, Antoni"]
[Black "Ayza Casamitjana, Antoni"]
[Result "0-1"]
[WhiteElo "1825"]
[BlackElo "2017"]
[PlyCount "100"]
[EventDate "2014.07.13"]
[EventType "swiss"]
[EventRounds "9"]
[EventCountry "ESP"]
[Source "lmi"]
[SourceDate "2014.07.13"]

1. d4 Nf6 2. Nf3 g6 3. Nbd2 d5 4. g3 Bg7 5. Bg2 O-O 6. O-O c6 7. Re1 Na6 8. c3
Nc7 9. Ne5 Be6 10. Nb3 Nd7 11. Nxd7 Bxd7 12. Nc5 Bc8 13. e4 dxe4 14. Bxe4 Nd5
15. Qe2 e6 16. Bd2 b6 17. Nd3 Qc7 18. Rac1 Ba6 19. Bg2 Rac8 20. c4 Ne7 21. Nb4
Bb7 22. Bc3 Nf5 23. Nc2 Rfd8 24. Red1 Rd7 25. Rd3 Rcd8 26. Rcd1 a5 27. b3 Ba6
28. Qe4 Bb7 29. Ne3 Nd6 30. Qf3 c5 31. Qf4 Bxg2 32. Kxg2 Ne8 33. d5 Qxf4 34.
gxf4 Bxc3 35. Rxc3 Nf6 36. Rcd3 Kf8 37. Kf3 Ke7 38. h4 h5 39. a3 exd5 40. Nxd5+
Nxd5 41. cxd5 Kd6 42. f5 Re7 43. fxg6 fxg6 44. Rg1 Rf8+ 45. Kg3 Rf6 46. Kh3 Re5
47. Kg3 Rxd5 48. Rxd5+ Kxd5 49. f3 Kd4 50. Ra1 b5 0-1

[Event "16. Obert Int. Sant Martí 2014 Grupo B"]
[Site "Barcelona ESP"]
[Date "2014.07.13"]
[Round "1.27"]
[White "Flores Liñan, Josep Luis"]
[Black "Mas Sayos, Lluis"]
[Result "1-0"]
[WhiteElo "2016"]
[BlackElo "1823"]
[PlyCount "139"]
[EventDate "2014.07.13"]
[EventType "swiss"]
[EventRounds "9"]
[EventCountry "ESP"]
[Source "lmi"]
[SourceDate "2014.07.13"]

1. d4 Nf6 2. c4 g6 3. d5 Bg7 4. Nc3 O-O 5. e4 d6 6. Nge2 a5 7. Ng3 Na6 8. Be2
Nc5 9. O-O e6 10. Bg5 h6 11. Be3 exd5 12. cxd5 Re8 13. Qc2 Ng4 14. Bxg4 Bxg4
15. f4 h5 16. Bxc5 dxc5 17. e5 h4 18. Nge4 Bf5 19. Rad1 b6 20. Qf2 Qe7 21. d6
cxd6 22. Nd5 Qe6 23. Nef6+ Bxf6 24. Nxf6+ Kg7 25. Rxd6 Qxa2 26. Nxe8+ Rxe8 27.
Rxb6 h3 28. gxh3 Bxh3 29. Re1 Qc4 30. Qe3 Be6 31. Rc6 Qb4 32. Rxc5 Rh8 33. Rc2
Rh3 34. Qd2 Rf3 35. Qxb4 axb4 36. Rf1 Re3 37. Kf2 Rh3 38. Ke1 b3 39. Rd2 Re3+
40. Kf2 Rh3 41. Kg2 Re3 42. Rf3 Re1 43. Kf2 Rc1 44. Ke3 Bf5 45. Rff2 Rc4 46.
Rd4 Rc1 47. Rfd2 Re1+ 48. Kf2 Rh1 49. Kg2 Rc1 50. Rb4 Be6 51. Kf3 Re1 52. Kf2
Rc1 53. Ke3 Re1+ 54. Kd4 Rc1 55. Rd3 Rc2 56. Rbxb3 Rxh2 57. Rbc3 Rh4 58. Kc5
Rg4 59. Rd4 Rg2 60. b4 g5 61. fxg5 Rxg5 62. Kd6 Rg1 63. b5 Rb1 64. Kc6 f6 65.
Rd6 Kf7 66. exf6 Bf5 67. b6 Be4+ 68. Kc7 Bh1 69. Rcc6 Re1 70. b7 1-0

[Event "16. Obert Int. Sant Martí 2014 Grupo B"]
[Site "Barcelona ESP"]
[Date "2014.07.13"]
[Round "1.28"]
[White "Solís Calancha, Jordi"]
[Black "Lozano Diaz, Antoni"]
[Result "0-1"]
[WhiteElo "1810"]
[BlackElo "2015"]
[PlyCount "124"]
[EventDate "2014.07.13"]
[EventType "swiss"]
[EventRounds "9"]
[EventCountry "ESP"]
[Source "lmi"]
[SourceDate "2014.07.13"]

1. d4 d5 2. c4 e6 3. Nc3 Be7 4. Nf3 c6 5. e3 Nf6 6. Bd3 O-O 7. O-O Nbd7 8. Qc2
h6 9. c5 Qc7 10. h3 e5 11. e4 exd4 12. exd5 dxc3 13. d6 Bxd6 14. cxd6 Qxd6 15.
Rd1 Qc5 16. Be3 Qh5 17. Qxc3 Nb6 18. Bd4 Nbd5 19. Qc2 Bxh3 20. gxh3 Qxf3 21.
Bf1 Rfe8 22. Rd3 Qf5 23. Qb3 b5 24. Rf3 Qe4 25. Bxf6 Nxf6 26. Bd3 Qd5 27. Qc3
b4 28. Qb3 Qxb3 29. axb3 Re7 30. Ra6 Rd8 31. Rxc6 Re1+ 32. Kg2 Rd1 33. Bc4 R1d6
34. Rc7 R6d7 35. Rc6 Ne4 36. Rf4 Nd2 37. Rg4 Kf8 38. Ba6 Nxb3 39. Rxb4 Nd4 40.
Rc1 Rd6 41. Bc4 Rb6 42. Ra4 Rd7 43. Rca1 Rxb2 44. Rxa7 Rbb7 45. Ra8+ Ke7 46.
Re1+ Kf6 47. Ra6+ Kg5 48. Kg3 Nf5+ 49. Kf3 Rd4 50. Rg1+ Kh5 51. Rc6 g5 52. Rg4
Re7 53. Rf6 Nh4+ 54. Kg3 Rdd7 55. Kh2 Ng6 56. Kg2 Ne5 57. Be2 Ng6 58. Rgf4+
Rxe2 59. Rf3 Nf4+ 60. Kg3 Re6 61. Rf5 Kg6 62. h4 Kxf5 0-1

[Event "16. Obert Int. Sant Martí 2014 Grupo B"]
[Site "Barcelona ESP"]
[Date "2014.07.13"]
[Round "1.29"]
[White "Serra Vilaro, Agusti"]
[Black "Jourde, Michel"]
[Result "1/2-1/2"]
[WhiteElo "2013"]
[BlackElo "1805"]
[PlyCount "51"]
[EventDate "2014.07.13"]
[EventType "swiss"]
[EventRounds "9"]
[EventCountry "ESP"]
[Source "lmi"]
[SourceDate "2014.07.13"]

1. d4 Nf6 2. c3 d5 3. Nd2 c5 4. e3 Nc6 5. f4 cxd4 6. exd4 Qc7 7. Ndf3 Bg4 8.
Bd3 Ne4 9. Qa4 Bd7 10. Qb3 e6 11. Ne5 Nxe5 12. fxe5 f5 13. exf6 gxf6 14. Nf3
Rg8 15. O-O O-O-O 16. Be3 Bd6 17. Kh1 Bxh2 18. Bxe4 dxe4 19. Ne1 Rg6 20. Rd1 f5
21. d5 f4 22. Bd4 f3 23. gxf3 Rh6 24. Ng2 Bg3+ 25. Kg1 Bh2+ 26. Kh1 1/2-1/2

[Event "16. Obert Int. Sant Martí 2014 Grupo B"]
[Site "Barcelona ESP"]
[Date "2014.07.13"]
[Round "1.30"]
[White "Molina Hernandez, Albert"]
[Black "Ylla Soro, Rafael"]
[Result "1-0"]
[WhiteElo "2004"]
[BlackElo "1799"]
[PlyCount "85"]
[EventDate "2014.07.13"]
[EventType "swiss"]
[EventRounds "9"]
[EventCountry "ESP"]
[Source "lmi"]
[SourceDate "2014.07.13"]

1. e4 c5 2. Nf3 e6 3. d4 cxd4 4. Nxd4 Nf6 5. Nc3 a6 6. Be3 Qc7 7. a4 Bb4 8. Qd3
O-O 9. Bd2 b6 10. O-O-O Bb7 11. f3 d5 12. exd5 Nxd5 13. Nxd5 Bxd2+ 14. Qxd2
Bxd5 15. Bd3 Nd7 16. Kb1 Rfc8 17. Rhe1 Nc5 18. b3 Nxd3 19. Qxd3 h6 20. h3 Qc3
21. Re3 Qxd3 22. Rexd3 Rc7 23. Ne2 Rac8 24. c4 Bc6 25. Rd8+ Be8 26. Rxc8 Rxc8
27. Kb2 b5 28. axb5 axb5 29. cxb5 Bxb5 30. Nc3 Bc6 31. b4 Kf8 32. Kb3 Ke7 33.
b5 Bb7 34. Kb4 Rd8 35. Rxd8 Kxd8 36. Kc5 e5 37. Kd6 f6 38. h4 h5 39. Ne4 f5 40.
Nc5 Bc8 41. Kxe5 Kc7 42. Ne6+ Kb6 43. Nxg7 1-0

[Event "16. Obert Int. Sant Martí 2014 Grupo B"]
[Site "Barcelona ESP"]
[Date "2014.07.13"]
[Round "1.31"]
[White "Vargas Ramirez, Ana Maria"]
[Black "Ramos Alvarez, Maximo"]
[Result "1-0"]
[WhiteElo "1796"]
[BlackElo "2001"]
[PlyCount "37"]
[EventDate "2014.07.13"]
[EventType "swiss"]
[EventRounds "9"]
[EventCountry "ESP"]
[Source "lmi"]
[SourceDate "2014.07.13"]

1. e4 e6 2. d4 d5 3. exd5 Qxd5 4. Nf3 Nf6 5. Bd3 c5 6. Nc3 Qd8 7. dxc5 Bxc5 8.
Bb5+ Nbd7 9. Bg5 h6 10. Bh4 Bb4 11. Qd4 Bxc3+ 12. Qxc3 a6 13. Bxd7+ Bxd7 14.
O-O-O Qe7 15. Ne5 Rd8 16. Nxd7 Rxd7 17. Rxd7 Qxd7 18. Bxf6 gxf6 19. Rd1 1-0

[Event "16. Obert Int. Sant Martí 2014 Grupo B"]
[Site "Barcelona ESP"]
[Date "2014.07.13"]
[Round "1.32"]
[White "Pujal Moncho, Joaquim"]
[Black "Sarrio Vendrell, Nerea"]
[Result "1-0"]
[WhiteElo "1997"]
[BlackElo "1792"]
[PlyCount "77"]
[EventDate "2014.07.13"]
[EventType "swiss"]
[EventRounds "9"]
[EventCountry "ESP"]
[Source "lmi"]
[SourceDate "2014.07.13"]

1. d4 d5 2. c4 e6 3. Nc3 Nf6 4. e3 c6 5. Nf3 Nbd7 6. cxd5 Nxd5 7. Nxd5 exd5 8.
Bd3 Bb4+ 9. Bd2 Bxd2+ 10. Qxd2 O-O 11. O-O Nf6 12. Qc2 Qe7 13. Rfe1 Ne4 14. Ne5
Qh4 15. g3 Qf6 16. Bxe4 dxe4 17. Qxe4 Re8 18. f4 Be6 19. Qf3 Qf5 20. e4 Qf6 21.
f5 Bc8 22. Rad1 c5 23. Ng4 Qb6 24. d5 Qxb2 25. Re2 Qb6 26. d6 Bd7 27. e5 Rad8
28. h4 h6 29. Qf4 Kh7 30. Rde1 a6 31. Kh2 a5 32. f6 Bxg4 33. Qxg4 g6 34. h5 g5
35. Qf5+ Kg8 36. e6 Qxd6 37. exf7+ Kxf7 38. Qg6+ Kf8 39. Qg7# 1-0

[Event "16. Obert Int. Sant Martí 2014 Grupo B"]
[Site "Barcelona ESP"]
[Date "2014.07.13"]
[Round "1.33"]
[White "Larios Jimenez, Rafael"]
[Black "Roig Ruiz, Carles"]
[Result "0-1"]
[WhiteElo "1791"]
[BlackElo "1997"]
[PlyCount "118"]
[EventDate "2014.07.13"]
[EventType "swiss"]
[EventRounds "9"]
[EventCountry "ESP"]
[Source "lmi"]
[SourceDate "2014.07.13"]

1. f4 d5 2. Nf3 Nc6 3. e3 g6 4. Bb5 Bd7 5. Nc3 Nf6 6. b3 Bg7 7. Bb2 O-O 8. O-O
a6 9. Bxc6 Bxc6 10. Ne5 Be8 11. Qe1 c6 12. Ne2 Ne4 13. d3 Nd6 14. Nd4 c5 15.
Ndf3 Qc8 16. Nd2 f6 17. Nef3 Bf7 18. c4 Qf5 19. Qe2 b5 20. Nh4 Qe6 21. cxd5
Qxd5 22. e4 Qc6 23. e5 Ne8 24. Ne4 f5 25. Ng5 Bd5 26. Nhf3 Nc7 27. Rac1 h6 28.
Nh3 Ne6 29. Nd4 Qb6 30. Nxe6 Bxe6 31. Rc2 a5 32. Qf2 Rfc8 33. Rfc1 a4 34. Rxc5
Rxc5 35. Qxc5 Qxc5+ 36. Rxc5 axb3 37. a3 Rd8 38. Nf2 Rd5 39. d4 g5 40. Nd3 Kf7
41. Kf2 Rd8 42. g3 Ke8 43. Ke3 Bc4 44. Nb4 e6 45. Rc7 Rd7 46. Rc5 Bf8 47. Rc6
Be7 48. Nd3 Bd8 49. Ne1 Ra7 50. Rc8 Kd7 51. Rc5 Bb6 52. Nd3 Bxd3 53. Rc1 Bc4
54. h3 gxf4+ 55. gxf4 Kc6 56. Rg1 b4 57. axb4 Ra2 58. Bc3 Rc2 59. Bd2 Kd5 0-1

[Event "16. Obert Int. Sant Martí 2014 Grupo B"]
[Site "Barcelona ESP"]
[Date "2014.07.13"]
[Round "1.34"]
[White "Torras Chicon, Adria"]
[Black "Negreira Rodriguez, Daniel"]
[Result "1-0"]
[WhiteElo "1996"]
[BlackElo "1786"]
[PlyCount "77"]
[EventDate "2014.07.13"]
[EventType "swiss"]
[EventRounds "9"]
[EventCountry "ESP"]
[Source "lmi"]
[SourceDate "2014.07.13"]

1. e4 e5 2. Nf3 Nf6 3. Nc3 Nc6 4. Bb5 Bb4 5. O-O d6 6. Re1 O-O 7. h3 Nd4 8. Bc4
Bc5 9. d3 Be6 10. Bxe6 fxe6 11. Nxd4 Bxd4 12. Nb5 Bb6 13. Be3 c5 14. c4 d5 15.
Bg5 a6 16. Na3 Ba7 17. Nc2 b5 18. b3 Qc7 19. Bxf6 Rxf6 20. Ne3 dxe4 21. dxe4
Qb7 22. f3 Rg6 23. Qd6 Bb8 24. Qd8+ Kf7 25. Rad1 Ra7 26. Rd3 bxc4 27. Nxc4 Rf6
28. Red1 Kg6 29. Rd7 Qb5 30. Qe8+ Kh6 31. Ne3 Rg6 32. Qe7 Rg5 33. Qxe6+ Rg6 34.
Ng4+ Kh5 35. Qf5+ Kh4 36. g3+ Kxg3 37. R7d2 c4 38. h4 Qc5+ 39. Kh1 1-0

[Event "16. Obert Int. Sant Martí 2014 Grupo B"]
[Site "Barcelona ESP"]
[Date "2014.07.13"]
[Round "1.35"]
[White "Gama Corral, Carlos"]
[Black "Albert Cristobal, Jorge"]
[Result "1-0"]
[WhiteElo "1784"]
[BlackElo "1993"]
[PlyCount "57"]
[EventDate "2014.07.13"]
[EventType "swiss"]
[EventRounds "9"]
[EventCountry "ESP"]
[Source "lmi"]
[SourceDate "2014.07.13"]

1. e4 Nc6 2. Nf3 f5 3. exf5 d5 4. Bb5 Bxf5 5. Ne5 Qd6 6. d4 Nf6 7. Bf4 Qb4+ 8.
Nc3 Qxb2 9. Bxc6+ bxc6 10. Na4 Qb5 11. c4 dxc4 12. O-O e6 13. Rc1 Bd6 14. Re1
O-O 15. Rxc4 Nd5 16. Be3 Qa6 17. Rxc6 Qb5 18. Rc1 Rad8 19. Nc6 Rd7 20. Qb3 Qa6
21. Nb8 Rxb8 22. Qxb8+ Kf7 23. Nc5 Bxc5 24. Rxc5 Qxa2 25. Rec1 Kg6 26. Qe8+ Rf7
27. h3 Qe2 28. Rxd5 exd5 29. Rxc7 1-0

[Event "16. Obert Int. Sant Martí 2014 Grupo B"]
[Site "Barcelona ESP"]
[Date "2014.07.13"]
[Round "1.36"]
[White "Palacios Peña, Gerardo"]
[Black "Julian Solera, Laura"]
[Result "1-0"]
[WhiteElo "1993"]
[BlackElo "1781"]
[PlyCount "61"]
[EventDate "2014.07.13"]
[EventType "swiss"]
[EventRounds "9"]
[EventCountry "ESP"]
[Source "lmi"]
[SourceDate "2014.07.13"]

1. d4 d5 2. c4 e6 3. Nc3 c5 4. cxd5 exd5 5. Nf3 Nc6 6. dxc5 d4 7. Nb1 Bxc5 8.
g3 Nf6 9. Bg2 h6 10. O-O O-O 11. a3 Bf5 12. b4 Bb6 13. Bb2 d3 14. e3 Rc8 15.
Nbd2 Qe7 16. Rc1 Nb8 17. Nd4 Bh7 18. Qb3 Nbd7 19. Bxb7 Rb8 20. Bg2 Rfc8 21. Nc6
Qe8 22. Nxb8 Rxb8 23. Rfd1 Qe7 24. Qc4 Qd8 25. Bf1 Nf8 26. Bxf6 gxf6 27. Nf3
Ne6 28. Bxd3 Ng5 29. Bxh7+ Kxh7 30. Nxg5+ hxg5 31. Rxd8 1-0

[Event "16. Obert Int. Sant Martí 2014 Grupo B"]
[Site "Barcelona ESP"]
[Date "2014.07.13"]
[Round "1.37"]
[White "Castaño Jimenez, Andreu"]
[Black "Carrey Abellan, Enric"]
[Result "0-1"]
[WhiteElo "1779"]
[BlackElo "1991"]
[PlyCount "110"]
[EventDate "2014.07.13"]
[EventType "swiss"]
[EventRounds "9"]
[EventCountry "ESP"]
[Source "lmi"]
[SourceDate "2014.07.13"]

1. e4 c5 2. Nf3 e6 3. d4 cxd4 4. Nxd4 a6 5. Nc3 Qc7 6. Bd3 b5 7. a3 Bb7 8. O-O
Nf6 9. Qe2 d6 10. Bg5 Be7 11. f4 Nbd7 12. Rae1 Qc5 13. Bh4 e5 14. fxe5 Qxd4+
15. Rf2 dxe5 16. Rd1 Qb6 17. Bg5 Bc5 18. Bh4 O-O 19. Kh1 Bxf2 20. Bxf2 Qc7 21.
Nd5 Bxd5 22. exd5 Qd6 23. c4 bxc4 24. Bxc4 Rfc8 25. b4 Rc7 26. Be3 Ne8 27. Qd3
Qg6 28. Qb3 Nd6 29. Bd3 e4 30. Bb1 Rac8 31. Bd2 Ne5 32. h3 Nd3 33. Rf1 Qg3 34.
Kg1 Qg6 35. Qa2 Nc4 36. Bxd3 exd3 37. Bf4 Nd6 38. Qb3 Rc2 39. Rf2 Rxf2 40. Kxf2
Rc2+ 41. Ke3 Re2+ 42. Kd4 Qe4+ 43. Kc5 Qxf4 44. Qxd3 Re8 45. Qxa6 Rc8+ 46. Kb6
Nc4+ 47. Kb5 Qb8+ 48. Ka4 Qa8 49. Qxa8 Rxa8+ 50. Kb5 Nxa3+ 51. Kc6 Kf8 52. d6
Ke8 53. d7+ Kd8 54. b5 Nxb5 55. Kxb5 Kxd7 0-1

[Event "16. Obert Int. Sant Martí 2014 Grupo B"]
[Site "Barcelona ESP"]
[Date "2014.07.13"]
[Round "1.38"]
[White "Torrents Señal, Marc"]
[Black "Montoro Rueda, Raul"]
[Result "1-0"]
[WhiteElo "1991"]
[BlackElo "1775"]
[PlyCount "93"]
[EventDate "2014.07.13"]
[EventType "swiss"]
[EventRounds "9"]
[EventCountry "ESP"]
[Source "lmi"]
[SourceDate "2014.07.13"]

1. d4 Nf6 2. c4 e6 3. Nc3 d5 4. Bf4 Bd6 5. Bxd6 Qxd6 6. e3 O-O 7. Nf3 dxc4 8.
Bxc4 Nbd7 9. O-O a6 10. e4 e5 11. dxe5 Nxe5 12. Qxd6 Nxf3+ 13. gxf3 cxd6 14.
Rfd1 b5 15. Bb3 Bb7 16. Rxd6 Rfd8 17. Rad1 Rxd6 18. Rxd6 Re8 19. Nd5 Nxd5 20.
Bxd5 Bxd5 21. exd5 Kf8 22. Rxa6 Rd8 23. d6 Ke8 24. Kf1 Kd7 25. Ke2 Re8+ 26. Kd2
Re6 27. Ra7+ Ke8 28. Re7+ Rxe7 29. dxe7 Kxe7 30. Kc3 Kd6 31. Kb4 Kc6 32. a4
bxa4 33. Kxa4 g5 34. b4 f5 35. b5+ Kb6 36. Kb4 h5 37. Kc4 g4 38. fxg4 fxg4 39.
Kb4 h4 40. Kc4 Kc7 41. Kc5 Kb7 42. b6 Kb8 43. Kd4 Kb7 44. Ke4 Kxb6 45. Kf5 g3
46. fxg3 hxg3 47. hxg3 1-0

[Event "16. Obert Int. Sant Martí 2014 Grupo B"]
[Site "Barcelona ESP"]
[Date "2014.07.13"]
[Round "1.39"]
[White "Guinjoan Fradera, Joan"]
[Black "Barragan Hernandez, Manel"]
[Result "0-1"]
[WhiteElo "1770"]
[BlackElo "1990"]
[PlyCount "100"]
[EventDate "2014.07.13"]
[EventType "swiss"]
[EventRounds "9"]
[EventCountry "ESP"]
[Source "lmi"]
[SourceDate "2014.07.13"]

1. e4 d5 2. exd5 Qxd5 3. Nc3 Qd6 4. Nf3 Bg4 5. h3 Bh5 6. Be2 Nf6 7. d3 e6 8.
O-O Be7 9. Ne4 Nxe4 10. dxe4 O-O 11. Qxd6 cxd6 12. Re1 Nc6 13. c3 Rfd8 14. Nd4
Nxd4 15. cxd4 Bg6 16. f3 d5 17. e5 Bb4 18. Rf1 Rdc8 19. Rf2 Be1 20. Rf1 Bg3 21.
f4 Rc2 22. Bd1 Rc4 23. Be3 Rac8 24. Bb3 R4c7 25. Rfc1 Bc2 26. Bxc2 Rxc2 27.
Rxc2 Rxc2 28. Rc1 Bf2+ 29. Kf1 Rxc1+ 30. Bxc1 Bxd4 31. Ke2 f6 32. exf6 gxf6 33.
g4 Kf7 34. b3 e5 35. Kd3 Bf2 36. Bd2 Ke6 37. f5+ Kd6 38. Bb4+ Kd7 39. Bd2 e4+
40. Ke2 Bd4 41. h4 b6 42. Bf4 Bc5 43. g5 Ke7 44. g6 hxg6 45. fxg6 d4 46. h5 d3+
47. Kd1 e3 48. Bg3 Bb4 49. h6 e2+ 50. Kc1 d2+ 0-1

[Event "16. Obert Int. Sant Martí 2014 Grupo B"]
[Site "Barcelona ESP"]
[Date "2014.07.13"]
[Round "1.40"]
[White "Peiron Lluch, Jose Daniel"]
[Black "Farell Duran, Josep"]
[Result "1-0"]
[WhiteElo "1990"]
[BlackElo "1766"]
[PlyCount "63"]
[EventDate "2014.07.13"]
[EventType "swiss"]
[EventRounds "9"]
[EventCountry "ESP"]
[Source "lmi"]
[SourceDate "2014.07.13"]

1. e4 d6 2. d4 Nf6 3. Nc3 g6 4. f4 e6 5. Nf3 a6 6. Be2 Bg7 7. O-O Nc6 8. e5 Nd7
9. Be3 d5 10. Qd2 Ne7 11. Bd3 c6 12. Qf2 Nf5 13. Bd2 Qc7 14. g4 Ne7 15. f5 gxf5
16. gxf5 Rg8 17. Kh1 Nxf5 18. Bxf5 exf5 19. Ng5 Nf8 20. Bf4 Be6 21. Na4 h6 22.
Nf3 b6 23. Rg1 Ng6 24. Nh4 Nxf4 25. Qxf4 O-O-O 26. Nxf5 Bxf5 27. Qxf5+ Kb7 28.
Raf1 Rdf8 29. Qh7 f5 30. exf6 Bxf6 31. Qxc7+ Kxc7 32. Rxg8 1-0

[Event "16. Obert Int. Sant Martí 2014 Grupo B"]
[Site "Barcelona ESP"]
[Date "2014.07.13"]
[Round "1.42"]
[White "Perez Garcia, Adria"]
[Black "Mir Bellmunt, Jose"]
[Result "1-0"]
[WhiteElo "1979"]
[BlackElo "1758"]
[PlyCount "87"]
[EventDate "2014.07.13"]
[EventType "swiss"]
[EventRounds "9"]
[EventCountry "ESP"]
[Source "lmi"]
[SourceDate "2014.07.13"]

1. e4 d5 2. exd5 Qxd5 3. Nc3 Qa5 4. d4 c6 5. Nf3 Qc7 6. g3 Nf6 7. Bg2 Bg4 8.
O-O e6 9. Re1 Bb4 10. Bf4 Qd8 11. a3 Ba5 12. h3 Bxf3 13. Bxf3 Nd5 14. Nxd5 cxd5
15. c3 O-O 16. Qb3 Qd7 17. Be2 Nc6 18. Bd3 Ne7 19. Qc2 Ng6 20. Be5 Bc7 21. f4
f5 22. Bxc7 Qxc7 23. Rxe6 Ne7 24. Rae1 Rf7 25. Bxf5 Nxf5 26. Re8+ Rf8 27. Rxa8
Rxa8 28. Qxf5 Rd8 29. Qe5 Qd7 30. Qe6+ Qxe6 31. Rxe6 Rd7 32. Kf2 Kf7 33. Re5 a6
34. Kf3 h6 35. g4 Kf6 36. f5 Rd6 37. Kf4 Rb6 38. Re2 Rb3 39. h4 Kf7 40. a4 Rb6
41. Ke5 g5 42. h5 Rf6 43. Kxd5 Rc6 44. Re6 1-0

[Event "16. Obert Int. Sant Martí 2014 Grupo B"]
[Site "Barcelona ESP"]
[Date "2014.07.13"]
[Round "1.43"]
[White "Ballve Monte, Antoni"]
[Black "Sobrevia Castellar, Lluis"]
[Result "0-1"]
[WhiteElo "1750"]
[BlackElo "1975"]
[PlyCount "54"]
[EventDate "2014.07.13"]
[EventType "swiss"]
[EventRounds "9"]
[EventCountry "ESP"]
[Source "lmi"]
[SourceDate "2014.07.13"]

1. e4 e6 2. d4 d5 3. e5 c5 4. c3 Bd7 5. Nf3 Nc6 6. Na3 a6 7. Bd3 Qc7 8. Ng5 g6
9. Nc2 c4 10. Qf3 Bc8 11. Be2 h6 12. Nh3 Nge7 13. b3 b5 14. bxc4 bxc4 15. Ba3
Nf5 16. Bd1 Bxa3 17. Nxa3 Rb8 18. Ba4 Bd7 19. Bc2 Qa5 20. Nb1 Ncxd4 21. Qd1
Nxc2+ 22. Qxc2 Nd4 23. Qd1 Nb3 24. Nd2 Nxa1 25. Qxa1 Qa3 26. O-O Rb2 27. Rb1
Rxa2 0-1

[Event "16. Obert Int. Sant Martí 2014 Grupo B"]
[Site "Barcelona ESP"]
[Date "2014.07.13"]
[Round "1.45"]
[White "Palomero Galvez, Antoni"]
[Black "Poyato Ruiz, Fernando"]
[Result "0-1"]
[WhiteElo "1750"]
[BlackElo "1968"]
[PlyCount "94"]
[EventDate "2014.07.13"]
[EventType "swiss"]
[EventRounds "9"]
[EventCountry "ESP"]
[Source "lmi"]
[SourceDate "2014.07.13"]

1. d4 e6 2. e4 d5 3. e5 c5 4. c3 Nc6 5. Nf3 Qb6 6. Be2 cxd4 7. cxd4 Nge7 8. Bd3
Bd7 9. Bc2 Rc8 10. Nc3 Nb4 11. O-O Nxc2 12. Qxc2 Nf5 13. Qd2 Be7 14. g4 Nh6 15.
h3 f6 16. exf6 Bxf6 17. g5 Nf5 18. gxf6 gxf6 19. Qf4 Rc4 20. Ne2 e5 21. Qd2 e4
22. Ne1 Nxd4 23. Nxd4 Rxd4 24. Qf4 Qe6 25. Ng2 Rd3 26. Be3 d4 27. Rac1 Rg8 28.
Qh4 dxe3 29. fxe3 Rd2 30. Rf2 Rxf2 31. Kxf2 Qe5 32. Rc3 Qd5 33. Nf4 Qd2+ 34.
Ne2 Qxb2 35. Qxe4+ Kf8 36. Qxh7 Bc6 37. Qh5 Rg2+ 38. Ke1 Rxe2+ 39. Qxe2 Qxc3+
40. Kf2 Qe5 41. Ke1 Qg3+ 42. Qf2 Qxf2+ 43. Kxf2 Ke7 44. Kg3 Ke6 45. Kf4 b5 46.
h4 Be8 47. a3 a5 0-1

[Event "16. Obert Int. Sant Martí 2014 Grupo B"]
[Site "Barcelona ESP"]
[Date "2014.07.13"]
[Round "1.46"]
[White "Ferres Saez, Joan"]
[Black "Olleta Tanya, Jordi"]
[Result "1-0"]
[WhiteElo "1965"]
[BlackElo "1749"]
[PlyCount "53"]
[EventDate "2014.07.13"]
[EventType "swiss"]
[EventRounds "9"]
[EventCountry "ESP"]
[Source "lmi"]
[SourceDate "2014.07.13"]

1. e4 c5 2. Nc3 Nc6 3. f4 e5 4. fxe5 Nxe5 5. Nf3 Nxf3+ 6. Qxf3 Qf6 7. Qe2 Bd6
8. g3 Ne7 9. Bg2 O-O 10. d3 Be5 11. Bd2 b6 12. O-O-O Bb7 13. h4 Rad8 14. Rdf1
Qe6 15. Kb1 d5 16. Bh3 Qc6 17. exd5 Nxd5 18. Qxe5 Rfe8 19. Qf5 Nxc3+ 20. Bxc3
Re7 21. Qg5 f6 22. Qh5 Rd5 23. Qg4 Kf8 24. Bg2 Qd6 25. Bxd5 Bxd5 26. Rhg1 Re2
27. Qxe2 1-0

[Event "16. Obert Int. Sant Martí 2014 Grupo B"]
[Site "Barcelona ESP"]
[Date "2014.07.13"]
[Round "1.47"]
[White "Herrera Vargas, Carlo Esteban"]
[Black "Vicente Soriano, Josep"]
[Result "0-1"]
[WhiteElo "1748"]
[BlackElo "1962"]
[PlyCount "70"]
[EventDate "2014.07.13"]
[EventType "swiss"]
[EventRounds "9"]
[EventCountry "ESP"]
[Source "lmi"]
[SourceDate "2014.07.13"]

1. e4 c5 2. d4 cxd4 3. c3 d3 4. Bxd3 g6 5. Nf3 Bg7 6. e5 Nc6 7. Bf4 a6 8. O-O
f6 9. Qe2 fxe5 10. Nxe5 Nf6 11. Bc4 d5 12. Rd1 e6 13. a4 O-O 14. Bg5 Qe8 15.
Bb3 Ne4 16. f3 Nxg5 17. Ng4 Qd8 18. Qd2 Rxf3 19. Qe2 Rf8 20. Nd2 Qc7 21. Qe3
Qf4 22. Qe2 Bd7 23. Rf1 Qc7 24. c4 Nd4 25. Qd3 Nxb3 26. Qxb3 Qc5+ 27. Rf2 Bc6
28. Rc1 Bd4 29. Rcf1 dxc4 30. Qxc4 Qxc4 31. Nxc4 Ne4 32. Nce3 Nxf2 33. Rxf2 h5
34. Nh6+ Kg7 35. Rxf8 Bxe3+ 0-1

[Event "16. Obert Int. Sant Martí 2014 Grupo B"]
[Site "Barcelona ESP"]
[Date "2014.07.13"]
[Round "1.48"]
[White "Torres Julian, Marc"]
[Black "Bienvenido Kleque, Jose"]
[Result "1-0"]
[WhiteElo "1959"]
[BlackElo "1737"]
[PlyCount "145"]
[EventDate "2014.07.13"]
[EventType "swiss"]
[EventRounds "9"]
[EventCountry "ESP"]
[Source "lmi"]
[SourceDate "2014.07.13"]

1. e4 c5 2. Nf3 Nc6 3. d4 cxd4 4. Nxd4 Nf6 5. Nc3 e5 6. Ndb5 d6 7. Bg5 a6 8.
Na3 b5 9. Bxf6 gxf6 10. Nd5 Bg7 11. Bd3 Ne7 12. Nxe7 Qxe7 13. c3 Be6 14. O-O
O-O 15. Nc2 Rfd8 16. Ne3 Rac8 17. a4 Bc4 18. axb5 axb5 19. Nf5 Qf8 20. Bxc4
bxc4 21. Ra7 Ra8 22. Rxa8 Rxa8 23. Qxd6 Rd8 24. Qxf8+ Bxf8 25. Ne3 Rc8 26. Ra1
Bh6 27. Nd5 Kg7 28. Ne7 Rb8 29. Nf5+ Kg6 30. Rb1 Bd2 31. Nd6 Bxc3 32. Nxc4 Rb4
33. b3 Bd4 34. Kf1 Kg7 35. Ke2 Kf8 36. Ne3 Bxe3 37. Kxe3 Ke7 38. f3 Kd6 39. Kf2
Kc5 40. Kg3 Kd6 41. Kf2 Kc5 42. Rc1+ Kd6 43. Rc3 Kd7 44. Ke2 Kd6 45. Kd2 Rb5
46. Kc2 Rb4 47. Rc4 Rb5 48. Rc8 Ke6 49. Re8+ Kd7 50. Rh8 Ra5 51. Kb2 Ke6 52.
Rxh7 Ra6 53. Rh8 Rd6 54. Rc8 Rd2+ 55. Rc2 Rd8 56. g3 Rd3 57. Rf2 Rd4 58. h4 f5
59. exf5+ Kxf5 60. h5 Kg5 61. g4 f5 62. Rg2 f4 63. Kc3 Rd1 64. Rd2 Rc1+ 65. Kb4
Rc7 66. Rd5 Rb7+ 67. Rb5 Re7 68. Kc5 Rd7 69. Kc4 Re7 70. b4 Kh6 71. Rd5 e4 72.
fxe4 Rxe4+ 73. Rd4 1-0

[Event "16. Obert Int. Sant Martí 2014 Grupo B"]
[Site "Barcelona ESP"]
[Date "2014.07.13"]
[Round "1.49"]
[White "Bes Alvarez, Alex"]
[Black "Vargas Drechsler, Carlos"]
[Result "0-1"]
[WhiteElo "1734"]
[BlackElo "1958"]
[PlyCount "44"]
[EventDate "2014.07.13"]
[EventType "swiss"]
[EventRounds "9"]
[EventCountry "ESP"]
[Source "lmi"]
[SourceDate "2014.07.13"]

1. d4 f5 2. Nf3 Nf6 3. e3 g6 4. Bd3 Bg7 5. O-O O-O 6. b3 d6 7. Bb2 Nc6 8. Bc3
Qe8 9. d5 Nxd5 10. Bxg7 Kxg7 11. a3 e5 12. e4 Nf4 13. Bc4 fxe4 14. Ng5 Qd8 15.
b4 Qxg5 16. g3 Nh3+ 17. Kg2 Bg4 18. f3 exf3+ 19. Kh1 Qe3 20. Qe1 Qxe1 21. Rxe1
f2 22. Rf1 Bf3# 0-1